000 01107 a2200253 4500
001 60621
005 20260407155858.0
008 260407a1995 arg spa d
003 AR-UNSa-BCEJYS
040 _aAR-UNSa-BCEJYS
_bspa
_cAR-UNSa-BCEJYS
080 _a37.015.3
_xPsicología de la educación
245 1 0 _aCuando el aprendizaje es un problema
020 _a978-950-9467-51-4
264 1 _aBuenos Aires :
_bMiño y Dávila
_c1995
300 _a153 p.
_c20 cm.
505 _a1. Aportes psicoanalíticos para la comprensión de la problemática cognitiva / Silvia Bleichmar - 2. Las teorías de aprendizaje y la práctica psicopedagógica / José Antonio Castorina – 3. Utopías organizadoras de futuro para viejos y nuevos soñadores / Graciela Frigerio – 4. Recursos cognitivos en sectores sociales marginales: ¿huellas del “bricoleur”? / Montserrat de la Cruz
041 _aspa
942 _cBK
590 _aniveau_biblio:m niveau_hierar:0
100 1 _aBleichmar, Silvia
700 1 _aCastorina, José Antonio
700 1 _aFrigerio, Graciela
700 1 _aCruz, Montserrat de la
999 _c7077
_d7077